ნორმალური ფორმატი
MARC ფორმატი
ჩანაწერი Corporate Name
ჩანაწერთა რაოდენობა, რომელიც გამოყენებულია: 1
001 - CONTROL NUMBER
- control field: 19529
003 - CONTROL NUMBER IDENTIFIER
- control field: GE_BSU
005 - DATE AND TIME OF LATEST TRANSACTION
- control field: 20230725101647.0
008 - FIXED-LENGTH DATA ELEMENTS
- fixed length control field: 230725|| aca||aabn | a|a d
040 ## - CATALOGING SOURCE
- Original cataloging agency: GE_BSU
- Transcribing agency: GE_BSU
110 ## - HEADING--CORPORATE NAME
- Corporate name or jurisdiction name as entry element: საქ. კულტურისა და ძეგლთა დაცვის სამინისტრო | ბათუმის ხელოვნების სასწავლო უნ-ტი.
670 ## - SOURCE DATA FOUND
- Source citation: Work cat.: (GE_BSU): ხელოვნებათმცოდნეობითი ეტიუდები = Studies in art criticism
